Moving pictures : (Record no. 124515)

MARC details
000 -LEADER
campo de control de longitud fija 04385cam a22005654a 4500
001 - NÚMERO DE CONTROL
campo de control 13914329
003 - IDENTIFICADOR DE NÚMERO DE CONTROL
campo de control BJBSDDR
005 - FECHA Y HORA DE LA ÚLTIMA TRANSACCIÓN
campo de control 20250731152356.0
006 - CÓDIGOS DE INFORMACIÓN DE LONGITUD FIJA--CARACTERÍSTICAS DEL MATERIAL ADICIONAL
campo de control de longitud fija a|||||r|||| 00| 0
007 - CAMPO FIJO DE DESCRIPCIÓN FÍSICA--INFORMACIÓN GENERAL
campo de control de longitud fija ta
008 - DATOS DE LONGITUD FIJA--INFORMACIÓN GENERAL
campo de control de longitud fija 050329s2005 vtua b 001 0 eng
010 ## - NÚMERO DE CONTROL DE LA BIBLIOTECA DEL CONGRESO
Número de control de LC 2005008774
020 ## - NÚMERO INTERNACIONAL ESTÁNDAR DEL LIBRO
Número Internacional Estándar del Libro 9781555952631 (soft)
020 ## - NÚMERO INTERNACIONAL ESTÁNDAR DEL LIBRO
Número Internacional Estándar del Libro 1555952631 (soft)
020 ## - NÚMERO INTERNACIONAL ESTÁNDAR DEL LIBRO
Número Internacional Estándar del Libro 9781555652630
020 ## - NÚMERO INTERNACIONAL ESTÁNDAR DEL LIBRO
Número Internacional Estándar del Libro 1555652638
035 ## - NÚMERO DE CONTROL DEL SISTEMA
Número de control de sistema 13914329
035 ## - NÚMERO DE CONTROL DEL SISTEMA
Número de control de sistema (OCoLC)58789494
040 ## - FUENTE DE CATALOGACIÓN
Centro catalogador/agencia de origen DLC
Centro/agencia transcriptor DLC
Centro/agencia modificador BAKER
-- C#P
-- DLC
Lengua de catalogación eng
041 ## - CÓDIGO DE IDIOMA
Código de lengua del texto/banda sonora o título independiente eng
042 ## - CÓDIGO DE AUTENTICACIÓN
Código de autenticación pcc
043 ## - CÓDIGO DE ÁREA GEOGRÁFICA
Código de área geográfica n-us---
050 14 - SIGNATURA TOPOGRÁFICA DE LA BIBLIOTECA DEL CONGRESO
Número de clasificación N 72
Número de ítem M429m 2005
082 00 - NÚMERO DE LA CLASIFICACIÓN DECIMAL DEWEY
Número de clasificación 791.43/0973/09041
100 1# - ENTRADA PRINCIPAL--NOMBRE DE PERSONA
Nombre de persona Mathews, Nancy Mowll,
Fechas asociadas al nombre 1947-
9 (RLIN) 43800
245 10 - MENCIÓN DEL TÍTULO
Título Moving pictures :
Resto del título American art and early film, 1880-1910 /
Mención de responsabilidad, etc. Nancy Mowll Mathews with Charles Musser ; contributions by Marta Braun ... [et al.].
260 ## - PUBLICACIÓN, DISTRIBUCIÓN, ETC.
Lugar de publicación, distribución, etc. Manchester, Vt. :
Nombre del editor, distribuidor, etc. Hudson Hills Press in association with the Williams College Museum of Art :
-- Distributed in the US and Canada by National Book Network,
Fecha de publicación, distribución, etc. c2005.
300 ## - DESCRIPCIÓN FÍSICA
Extensión viii, 192 pages :
Otras características físicas illustrations (some color) ;
Dimensiones 32 cm. +
Material acompañante/anejo 1 DVD-ROM (4 3/4 in.)
336 ## - TIPO DE CONTENIDO
Término de tipo de contenido text
Código de tipo de contenido txt
Fuente rdacontent
337 ## - TIPO DE MEDIO
Nombre/término del tipo de medio unmediated
Código del tipo de medio n
Fuente rdamedia
338 ## - TIPO DE SOPORTE
Nombre/término del tipo de soporte volume
Código del tipo de soporte nc
Fuente rdacarrier
500 ## - NOTA GENERAL
Nota general "Issued in conjunction with the exhibition Traditions of America with moving pictures: American art and early film, 1880-1910, Williams College Museum of Art, July 16, 2005-December 11, 2005"--T.p. verso.
504 ## - NOTA DE BIBLIOGRAFÍA, ETC.
Nota de bibliografía, etc. Includes bibliographical references and index.
505 0# - NOTA DE CONTENIDO CON FORMATO
Nota de contenido con formato Introduction – Nancy Mowll Mathews<br/>A Cornucopia of Images: Comparison and Judgment Across Theater, Film, and the Visual Arts During the Late Nineteenth Century – Charles Musser<br/>Early Film and American Artistic Traditions – Nancy Mowll Mathews<br/>Experiencing Nature in Early Film: Dialogues with Church’s Niagara and Homer’s Seascapes – Katherine Manthorne<br/>John Singer Sargent’s Moving Pictures – Erica Hirshler<br/>The Line, the Stitch, and the Wardrobe: Conjuring the Past in American Mural Painting and Film at the Turn of the Twentieth Century – Lucy Oakley<br/>The Body in Motion – Nancy Mowll Mathews<br/>Chronophotography: Leaving Traces – Marta Braun<br/>Frieze Frames: Painted Processions in American Art about 1900 – Marc Simpson<br/>“A Personality So Marked”: Eugen Sandow and Visual Culture – Charles Musser<br/>On the Canvas: Boxing, Art, and Cinema – Dan Streible<br/>The City in Motion – Nancy Mowll Mathews<br/>The Impressionist City in Motion: Childe Hassam and Moving Pictures in New York City, 1890–1900 – Dana Pilson<br/>Tough Girls – Ellery Foutch<br/>John Sloan: Movies and Moving Through the City – Joyce Schiller<br/>Art and Film: Interactions – Nancy Mowll Mathews<br/>The Film Crowd – Antonia Lant<br/>Seeing, Touching, Fleeing – Michael Leja<br/>Moving Images and the Transformation of the Image in Modern Vision – Tom Gunning<br/>Exhibition Checklist & Lenders to the Exhibition
520 ## - RESUMEN, ETC.
Sumario, etc. "This publication explores the complex relationship between American art and early film. From the photographs of Muybridge, Marey, and Eakins of the 1880s, to the first films of the 1890s which drew from established conventions of American art, to the New York films and art of the first decades of the twentieth century, the struggle between art and film both polarized and inspired the artists of its era."--Jacket
650 #0 - PUNTO DE ACCESO ADICIONAL DE MATERIA--TÉRMINO DE MATERIA
Término de materia o nombre geográfico como elemento de entrada Art and motion pictures
Subdivisión geográfica United States
Subdivisión general History
Subdivisión cronológica 20th century
Subdivisión de forma Exhibitions.
650 #4 - PUNTO DE ACCESO ADICIONAL DE MATERIA--TÉRMINO DE MATERIA
Término de materia o nombre geográfico como elemento de entrada Arte y cine
Subdivisión general Historia
Subdivisión geográfica Estados Unidos
Subdivisión cronológica Siglo XX
Subdivisión de forma Exposiciones
9 (RLIN) 43893
650 #0 - PUNTO DE ACCESO ADICIONAL DE MATERIA--TÉRMINO DE MATERIA
Término de materia o nombre geográfico como elemento de entrada Art, American
Subdivisión cronológica 20th century
Subdivisión de forma Exhibitions.
650 #4 - PUNTO DE ACCESO ADICIONAL DE MATERIA--TÉRMINO DE MATERIA
Término de materia o nombre geográfico como elemento de entrada Arte estadounidense
Subdivisión cronológica Siglo XX
9 (RLIN) 27973
655 #7 - TERMINO DE INDIZACIÓN--GENERO/FORMA
Datos o término principal de género/forma Exhibition catalogs.
Fuente del término lcgft
Número de control del registro de autoridad o número normalizado https://id.loc.gov/authorities/genreForms/gf2014026098
700 1# - ENTRADA AGREGADA--NOMBRE PERSONAL
Nombre de persona Musser, Charles John,
Fechas asociadas al nombre 1951-
9 (RLIN) 43801
700 1# - ENTRADA AGREGADA--NOMBRE PERSONAL
Nombre de persona Braun, Marta,
Fechas asociadas al nombre 1946-
9 (RLIN) 43894
710 2# - ENTRADA AGREGADA--NOMBRE DE ENTIDAD CORPORATIVA
Nombre de entidad corporativa o nombre de jurisdicción como elemento de entrada Williams College.
Unidad subordinada Museum of Art.
710 2# - ENTRADA AGREGADA--NOMBRE DE ENTIDAD CORPORATIVA
Nombre de entidad corporativa o nombre de jurisdicción como elemento de entrada Williams College Museum of Art (WCMA)
9 (RLIN) 43895
906 ## - ELEMENTOS DE DATOS F LOCAL, LDF (RLIN)
a 7
b cbc
c orignew
d 2
e ecip
f 20
g y-gencatlg
942 ## - ELEMENTOS DE ENTRADA SECUNDARIOS (KOHA)
Fuente del sistema de clasificación o colocación Clasificación de Library of Congress
Tipo de ítem Koha Libro
946 ## - PROCESAMIENTO DE INFORMACIÓN LOCAL (OCLC)
Iniciales del agente catalogador LLH
Holdings
Estatus retirado Estado de pérdida Fuente del sistema de clasificación o colocación Estado de daño No para préstamo Colección Biblioteca de origen Biblioteca actual Ubicación en estantería Fecha de adquisición Signatura topográfica completa Código de barras Visto por última vez Copia número Tipo de ítem Koha
    Clasificación de Library of Congress     Humanidades Biblioteca Juan Bosch Biblioteca Juan Bosch Humanidades (4to. Piso) 29/07/2025 N 72 M429m 2005 00000194879 29/07/2025 1 Libro